1813 1826 1439 1423 1144 1594 1841 1455 1946 1474 1313 1084 1942 1248 1211 1199 1691 1458 1051 1008 1961 1971 1423 1465 1853 1892 1596 1315 1489 1887 1879 1724 1111 1700 1063 1358 1311 1826 1753 1102 1230 1773 1970 1364 1652 1159 1336 1100 1065 1610 1509 1153 1297 1554 1271 1656 1651 1328 1517 1078 1943 1700 1120 1727 1601 1314 1305 1930 1447 1652 1140 1220 1737 1411 1240 1423 1727 1462 1923 1032 1525 1633 1815 1433 1046 1981 1394 1979 1748 1385 1879 1170 1931 1452 1821 1377 1831 1177 1573 BCNSPRNW ULIB Ver.6.0+V

เปลี่ยนเป็นภาษาไทย

Change to English
 แสดงรายละเอียดบรรณานุกรม
  กลับหน้าหลัก

Brief Record : Get Marc (ISO 2709) : E-mail record : QR code < ปิดหน้าต่าง
LEADER : 00000nam 2200000uu 4500
001    13399109816
003     ULIB
008    110411s2004||||th 000 0 eng d
060 04 WC503^bI61A ล.4 2004
110 1  International AIDS Conference (15th : 2004 : Bangkok)
245 10 Access for all: Satellite meetings www.aids2004.org Bangkok -Thailand /^cInternational AIDS Conference (15th : 2004 : Bangkok)
260    Bangkok :^bInternational AIDS Conference (15th : 2004 : Bangkok),^c2004
300    362 p.
650  2 HIV
945    ^p0^l0^i016268
945    ^p0^l0^i016269
945    ^p0^l0^i016267
995    ทศพร
999 ^a ใช้งานได้ทุกระบบ
รายการนี้ยังไม่มีแท็ก
คุณยังไม่ได้ล็อกอิน คุณสามารถมีกิจกรรมร่วมกับเว็บไซต์ได้ แต่ต้องล็อกอินก่อน ::
  ล็อกอิน

รายการสื่อสารสนเทศ

ลำดับที่ ประเภท เลขเรียก/บาร์โค้ด สถานที่ สถานะ
- ไม่พบข้อมูล -

รายการใกล้เคียง
    หัวเรื่อง [HIV]

BibComment


ยังไม่เคยถูกคอมเมนท์

คอมเมนท์ทรัพยากรรายการนี้
  คอมเมนท์: Access for all Sa..


 Copyright 2026. Bcnsprnw @Library